Tilastot visalle Useimpien valtioiden alueilla virtaavat joet

Klikkaa tästä pelataksesi tätä visaa!

Yleistilastot

  • Tätä visaa on pelattu 328 kertaa
  • Keskiarvotulos 4 / 9

Vastaustilastot

ValtioitaJoki% Oikein
11Niili
91%
10Tonava
88%
6Rein
72%
10Kongo
43%
6Mekong
42%
5Niger
38%
6Sambesi
28%
5Drava
9%
5Tisza
7%

Tulosjakauma

Persentiili vastausten määrän mukaan

Jokaisen tuloksen saaneiden osuus

Tuloshistoriasi

Et ole pelannut tätä visaa